SOCIETY IN INDIA (Record no. 20953)
[ view plain ]
| 000 -LEADER | |
|---|---|
| fixed length control field | 00330nam a22001337a 4500 |
| 003 - CONTROL NUMBER IDENTIFIER | |
| control field | SGT |
| 020 ## - INTERNATIONAL STANDARD BOOK NUMBER | |
| International Standard Book Number | 9788170335450 |
| 082 ## - DEWEY DECIMAL CLASSIFICATION NUMBER | |
| Classification number | 306.0954 |
| Item number | AHU |
| 100 ## - MAIN ENTRY--PERSONAL NAME | |
| Personal name | AHUJA , RAM |
| 245 ## - TITLE STATEMENT | |
| Title | SOCIETY IN INDIA |
| Remainder of title | CONCEPTS THEORIES AND RECENT TRENDS |
| 260 ## - PUBLICATION, DISTRIBUTION, ETC. (IMPRINT) | |
| Place of publication, distribution, etc | JAIPUR |
| Name of publisher, distributor, etc | RAWAT PUBLICATION |
| Year of Publication | 2020 |
| 300 ## - PAGE DESCRIPTION | |
| No. of Pages | XII , 504 |
| 942 ## - ADDED ENTRY ELEMENTS (KOHA) | |
| Source of classification or shelving scheme | Dewey Decimal Classification |
| Koha item type | Books |
| 942 ## - ADDED ENTRY ELEMENTS (KOHA) | |
| -- | 6 |
| Withdrawn status | Lost status | Source of classification or shelving scheme | Damaged status | Not for loan | Collection code | Home library | Current library | Shelving location | Date acquired | Vendor Name | Cost, normal purchase price | SGTU | Bill Number | Total Checkouts | Full call number | Accession No. (Barcode) | Date last seen | Bill Date | Koha item type | Date last borrowed |
|---|---|---|---|---|---|---|---|---|---|---|---|---|---|---|---|---|---|---|---|---|
| Dewey Decimal Classification | LAW | SGT Science & Social Sciences Library | SGT Science & Social Sciences Library | Text Book | 12/03/2021 | AHUJA BOOK COMPANY | 350.00 | SGTU | 12726 | 306.0954 AHU | FL2519 | 12/03/2021 | 19/02/2021 | Books | ||||||
| Dewey Decimal Classification | LAW | SGT Science & Social Sciences Library | SGT Science & Social Sciences Library | Text Book | 12/03/2021 | AHUJA BOOK COMPANY | 350.00 | SGTU | 12726 | 3 | 306.0954 AHU | FL2520 | 22/12/2021 | 19/02/2021 | Books | 21/12/2021 | ||||
| Dewey Decimal Classification | LAW | SGT Science & Social Sciences Library | SGT Science & Social Sciences Library | Text Book | 12/03/2021 | AHUJA BOOK COMPANY | 350.00 | SGTU | 12726 | 3 | 306.0954 AHU | FL2521 | 22/12/2021 | 19/02/2021 | Books | 21/12/2021 |